000 00592nam a22002177a 4500
005 20220524100801.0
008 220524b ||||| |||| 00| 0 eng d
020 _a8173393982
040 _aIN-DiNC
_cIN-DiNC
082 _a333.7
100 _aBuragohain Pranjal Pratim
_eauthor
245 _aParibesh adhyayan
_cby Pranjal Pratim Buragohain
250 _a1st ed.
260 _aDibrugarh
_bBanalata
_c2013
300 _a326p.
700 _aAswani Machey
_eauthor
700 _aRohini Gogoi
_eauthor
700 _aDurlav Borah
_eauthor
700 _aDoly Gogoi
_eauthor
942 _2ddc
_cBK
999 _c11296
_d11296